000 00278nam a22001337a 4500
008 170918b xxu||||| |||| 00| 0 eng d
020 _a9780521315951
041 _aeng
080 _a7
100 _a44
101 _aART
245 _aROMAN PAINTING
_cLING,R
942 _2udc
_cBK
999 _c27905
_d27905